MARC details
| 000 -CABECERA |
| campo de control de longitud fija |
02775nam a2200349 i 4500 |
| 003 - IDENTIFICADOR DEL NÚMERO DE CONTROL |
| campo de control |
DO-SdBNP |
| 005 - FECHA Y HORA DE LA ÚLTIMA TRANSACCIÓN |
| campo de control |
20250129073606.0 |
| 006 - CÓDIGOS DE INFORMACIÓN DE LONGITUD FIJA--CARACTERÍSTICAS DEL MATERIAL ADICIONAL |
| campo de control de longitud fija |
a|||||r|||| 00| 0 |
| 007 - CAMPO FIJO DE DESCRIPCIÓN FÍSICA--INFORMACIÓN GENERAL |
| campo de control de longitud fija |
ta |
| 008 - DATOS DE LONGITUD FIJA--INFORMACIÓN GENERAL |
| campo de control de longitud fija |
230413e2001 dr aoc|gr|||| 001 edspa d |
| 020 ## - NÚMERO INTERNACIONAL ESTÁNDAR DEL LIBRO |
| Número Internacional Estándar del Libro |
9993423203 |
| 040 ## - FUENTE DE LA CATALOGACIÓN |
| Centro catalogador/agencia de origen |
DO-SdBNP |
| Lengua de catalogación |
spa |
| Centro/agencia transcriptor |
BNPHU |
| Normas de descripción |
rda |
| 082 #4 - NÚMERO DE LA CLASIFICACIÓN DECIMAL DEWEY |
| Número de clasificación |
923.27293 |
| Número de documento/Ítem |
D812ba |
| Número de edición |
22 |
| 100 1# - ENTRADA PRINCIPAL--NOMBRE DE PERSONA |
| Nombre de persona |
Balcácer, Juan Daniel, |
| Fechas asociadas al nombre |
1949- |
| Término indicativo de función/relación |
autor |
| 9 (RLIN) |
6566 |
| 245 10 - MENCIÓN DE TÍTULO |
| Título |
Juan Pablo Duarte : |
| Resto del título |
el Padre de la Patria / |
| Mención de responsabilidad, etc. |
Juan Daniel Balcácer; selección y fuentes de ilustraciones y cuidado de edición, José Chez Checo. |
| 264 #4 - PRODUCCIÓN, PUBLICACIÓN, DISTRIBUCIÓN, FABRICACIÓN Y COPYRIGHT |
| Producción, publicación, distribución, fabricación y copyright |
Santo Domingo : |
| Nombre del de productor, editor, distribuidor, fabricante |
Amigos del Hogar, |
| Fecha de producción, publicación, distribución, fabricación o copyright |
2001. |
| 300 ## - DESCRIPCIÓN FÍSICA |
| Extensión |
151 páginas : |
| Otras características físicas |
Ilustraciones, fotografías, mapas, retratos ; |
| Dimensiones |
24 cm. |
| 336 ## - TIPO DE CONTENIDO |
| Fuente |
rdaconten |
| Término de tipo de contenido |
texto |
| Código de tipo de contenido |
txt |
| 337 ## - TIPO DE MEDIO |
| Fuente |
rdamedia |
| Nombre/término del tipo de medio |
sin medición |
| Código del tipo de medio |
n |
| 338 ## - TIPO DE SOPORTE |
| Fuente |
rdacarrier |
| Nombre/término del tipo de soporte |
volumen |
| Código del tipo de soporte |
nc |
| 500 ## - NOTA GENERAL |
| Nota general |
Cubierta: "El sueño de Duarte", óleo de Luis -Sisito- Desangles. |
| 500 ## - NOTA GENERAL |
| Nota general |
Incluye pié de fotos. |
| 504 ## - NOTA DE BIBLIOGRAFÍA, ETC. |
| Nota de bibliografía, etc. |
Bibliografía: páginas, 141 -143 |
| 505 ## - NOTA DE CONTENIDO CON FORMATO |
| Nota de contenido con formato |
Introducción a la presente edición. |
| Título |
Mensaje a los que no son niños.-- |
| -- |
Mensaje a los amiguitos lectores.-- |
| -- |
El nacimiento: La herencia colonial.-- La casa natal.-- La familia Duarte y Diez.-- |
| -- |
En la escuela: La independencia efímera.-- La dominación haitiana.--El viaje de estudios.-- |
| -- |
¿Quiénes era los haitianos?: El sistema de la esclavitud.-- La revolución haitiana.-- El amor a la libertad.-- |
| -- |
En los trabajos revolucionarios: El sistema democrático.-- La idea independentista.-- |
| -- |
La Trinitaria, La Filantrópica y la Dramática: Nace la Trinitaria.-- El sagrado Juramento.-- Trinitarios, adeptos y comunicados.-- La Filantrópica y la Dramática.-- |
| -- |
Revolución de la Reforma y la separación de Haití: Duarte en acción.-- Persecución y primer exilio.-- Continúan los planes revolucionarios.-- La fórmula del protectorado.-- La manifestación del 16 de enero.-- La carta del sacrificio.-- Nace una nueva República.-- |
| -- |
La República Dominicana: Duarte en Campaña.-- Duarte Presidente.-- Prisión y segundo exilio.-- El ilustre loco.-- Otra vez <br/>Venezuela.-- |
| -- |
En la guerra restauradora: Liberales y conservadores.-- Duarte y la anexión.-- De nuevo a defender la Patria.-- Duarte y el gobierno restaurador.-- Finalmente Venezuela.-- Enfermedad y muerte.-- |
| -- |
El Padre de la Patria: El patriota olvidado.-- El reconocimiento de la posteridad.-- |
| -- |
Bibliografía sugerida.-- |
| -- |
Fuente de las ilustraciones. |
| 590 ## - NOTA LOCAL (RLIN) |
| Nota local |
Inventariado 2023 / MF |
| 600 14 - PUNTO DE ACCESO ADICIONAL DE MATERIA--NOMBRE DE PERSONA |
| Nombre de persona |
Duarte, Juan Pablo, |
| Fechas asociadas al nombre |
1813-1876 |
| 9 (RLIN) |
1494 |
| 650 #4 - PUNTO DE ACCESO ADICIONAL DE MATERIA--TÉRMINO DE MATERIA |
| Término de materia o nombre geográfico como elemento de entrada |
Estadistas |
| Subdivisión geográfica |
República Dominicana |
| Subdivisión de forma |
Biografías |
| 9 (RLIN) |
45404 |
| 651 #4 - PUNTO DE ACCESO ADICIONAL DE MATERIA--NOMBRE GEOGRÁFICO |
| Nombre geográfico |
República Dominicana |
| Subdivisión general |
Historia |
| Subdivisión cronológica |
1844-1930 |
| 9 (RLIN) |
1009 |
| 700 1# - PUNTO DE ACCESO ADICIONAL--NOMBRE DE PERSONA |
| Nombre de persona |
Chez Checo, José, |
| Fechas asociadas al nombre |
1949- |
| Término indicativo de función/relación |
editor |
| 9 (RLIN) |
10145 |
| 910 ## - DATOS DE OPCIÓN DEL USUARIO (OCLC) |
| Datos de opción del usuario |
Validado. Control de calidad MFF |
| 942 ## - ELEMENTOS DE PUNTO DE ACCESO ADICIONAL (KOHA) |
| Fuente del sistema de clasificación o colocación |
Dewey Decimal Classification |
| Tipo de ítem Koha |
Libro |